000 00891naa a22002897a 4500
001 BR5600036
003 BR-BrBNA
005 20250709164601.0
007 ta
008 250630b bl.|||m| |||| 00| 0 por d
040 _aBR-BrBNA
_bpor
_cBiblioteca Nacional de Agricultura
041 _a(Pt)
072 _aE70
_b9410
_bG514
090 _aE70 BR5600036
100 1 _aFreitas, H.B. de
245 1 _aAspectos do abastecimento do leite no Rio de Janeiro [Brasil]
500 _aProblemas referentes ao leite Rio de Janeiro, GB (Brasil): 1956. p. 109-123 (BR5600036-AMS)
650 _aComercializacao
650 _aLeite
650 _aHigiene de alimento
650 _aPreco
650 _aAbastecimento
650 _aRio de Janeiro
490 _aEstudos Tecnicos - Servico de Informacao Agricola (Brazil)
_vno. 8
942 _cAMS
_2AGRIS
909 _a202506
_bLúcia
_c55
_dLúcia Elande
999 _c332534
_d332534